Before Augustus : the collapse of the Roman Republic /

Bibliographic Details
Main Author: Barca, Natale (Author)
Format: Book
Language:English
Published: Havertown, PA : Casemate, 2023.
Subjects:

MARC

Tag First Indicator Second Indicator Subfields
LEADER 00000cam a2200000 i 4500
001 in00004749430
008 230224s2023 pauab b 001 0 eng d
005 20250318215234.3
020 |a 9781636242323 
020 |a 1636242324 
035 |a (OCoLC)on1374585314 
035 |a (OCoLC)1374585314 
040 |a UKMGB  |b eng  |e rda  |c UKMGB  |d BDX  |d OCLCF  |d YDX 
043 |a e------  |a aw-----  |a ff----- 
050 4 |a DG254  |b .B37 2023 
082 0 4 |a 937.05  |2 23 
100 1 |a Barca, Natale,  |e author.  |1 https://isni.org/isni/0000000385619197 
245 1 0 |a Before Augustus :  |b the collapse of the Roman Republic /  |c Natale Barca. 
264 1 |a Havertown, PA :  |b Casemate,  |c 2023. 
300 |a xvi, 352 pages :  |b olor illustrations, color maps ;  |c 24 cm 
336 |a text  |b txt  |2 rdacontent 
336 |a still image  |b sti  |2 rdacontent 
337 |a unmediated  |b n  |2 rdamedia 
338 |a volume  |b nc  |2 rdacarrier 
504 |a Includes bibliographical references and index. 
651 0 |a Rome  |x History  |y Republic, 265-30 B.C. 
651 0 |a Rome  |x History  |y Civil War, 43-31 B.C. 
651 7 |a Rome (Empire)  |2 fast  |0 (OCoLC)fst01204885 
648 7 |a 265-30 B.C.  |2 fast 
655 7 |a History.  |2 fast  |0 (OCoLC)fst01411628 
852 8 |b pda,print  |z This title is available for the library to purchase for your use. Click the "Purchase It For Me" button to place a request. This item may take 5-10 business days to arrive. 
955 |a Print PDA title 
961 |m 565730 
999 f f |s 2f77b943-560a-4999-811a-ca362849e96d  |i 16f37165-f283-4b05-8700-cc3a634085eb  |t 0 
952 f f |a Texas A&M University  |b College Station  |c Sterling C. Evans Library  |d Purchase on Demand  |t 0  |e DG254 .B37 2023  |h Library of Congress classification 
998 f f |a DG254 .B37 2023  |t 0  |l Purchase on Demand